Отрочество: повести; для среднего и старшего школьного возраста; Вып. 4; Круг царя Соломона; Детство; Пресновские страницы; Я помню

Détails bibliographiques
Autres auteurs: Васильев В. (автор предисловия), Рытман О. (иллюстратор)
Langue:russe
Publié: Москва, Детская литература, 1990
TOC:Н. В. Кузьмин, Круг царя Соломона;
П. С. Романов, Детство;
И. П. Шухов, Пресновские страницы;
Т. А. Луговская, Я помню;
Sujets:
Format: Livre
KOHA link:https://koha.lib.tpu.ru/cgi-bin/koha/opac-detail.pl?biblionumber=155084

MARC

LEADER 00000n m0a2200000 4500
001 155084
005 20231031152211.0
010 |a 508001573X 
035 |a (RuTPU)RU\TPU\book\168218 
035 |a RU\TPU\book\122899 
090 |a 155084 
100 |a 20090311d1990 de y0rusy50 ca 
101 0 |a rus 
102 |a RU 
105 |a a z 000ay 
200 1 |a Отрочество  |e повести  |e для среднего и старшего школьного возраста  |h Вып. 4  |f авт. предисл. В. Васильев ; худож. О. Рытман 
210 |a Москва  |c Детская литература  |d 1990 
215 |a 656 с.  |c ил. 
464 |t Круг царя Соломона  |f Н. В. Кузьмин 
464 |t Детство  |f П. С. Романов 
464 |t Пресновские страницы  |f И. П. Шухов 
464 |t Я помню  |f Т. А. Луговская 
610 1 |a советская литература 
610 1 |a повести 
610 1 |a сборники 
675 |a Р2  |v 3 
702 1 |a Васильев  |b В.  |4 080 
702 1 |a Рытман  |b О.  |4 440 
801 1 |a RU  |b 63413507  |c 20070413  |g PSBO 
801 2 |a RU  |b 63413507  |c 20090311  |g PSBO 
942 |c BK